00981nam a22001697a 4500020001800000040000900018082001500027100002800042245007200070260003100142300001200173505042500185650005800610942002400668999001900692952010000711 a9781544507859 cNUSt a158.12,GOG aGoggins, David 9134401 aCan't hurt me:bmaster your mind and Defy the odds /cDavid Goggins aAmericanb Lioncrestc2018 a294 p.; aIntroduction (Page-), I should Been A Statistic (Page-9), Truth Hurts (Page-32), The Impossible task (Page-59), Taking Souls (Page-83), Armored Mind (Page-195), It's Not About A trophy (Page-132), The Most Powerful Weapon (Page-155), Talent Not Reacquired (Page-186), Uncommon Amongst Uncommon (Page-214), The Empowerment of Failure (Page-241), What If (Page-271), Acknowledgment (Page-290), About the Author (Page-294). aMemoir and self-help guide detailing his life9134402 2ddccBKk158.12,GOG c617385d617385 00102ddc4070aMCSbMCScGENd2026-05-11l0o158.12,GOGpMCS39004r2026-05-11w2026-05-11yBK